The American Indian: past and present

保存先:
書誌詳細
フォーマット: 図書
言語:Undetermined
出版事項: New York McGraw-Hill 1992
主題:
タグ: タグ追加
タグなし, このレコードへの初めてのタグを付けませんか!
Thư viện lưu trữ: Trung tâm Học liệu Trường Đại học Cần Thơ
LEADER 00428nam a2200157Ia 4500
001 CTU_43235
008 210402s9999 xx 000 0 und d
082 |a 973.0497 
082 |b A512 
245 4 |a The American Indian: past and present 
260 |a New York 
260 |b McGraw-Hill 
260 |c 1992 
650 |a indians of north america 
904 |i Minh, 010901 
980 |a Trung tâm Học liệu Trường Đại học Cần Thơ